000 nam a22 a 4500
999 _c59988
_d59988
003 BLK
005 20220913161503.0
008 180408b bul|||||r ||||||| ||bul||
010 _aKNG00064116000
040 _aBLK
041 _aBUL
_cBUL
080 _aСелскостопански машини и инструменти. Селскостопанско машиностроене
_b631.3
_x-52
_z631.3-52
100 1 _aЛазаров, Лазар Петков
_eпърви автор
_9274025
139 _aЛазаров, Лазар Петков и др.
_bЛ 14
245 1 0 _aПриложение на автоматизацията в селското стопанство
_cЛазар Петков Лазаров; съавт. Стайко П. Варамезов
257 _aBGR
260 _aСофия
_bЗемиздат
_c1974
300 _a275 с.
_bс черт.
_c21 см
380 _a63
500 _aАвт. не са отбелязани на кор.
504 _aБиблиогр. с. 270-271.
650 4 _aАвтоматизация - селско стопанство
_9289485
653 _aселско стопанство
653 _aавтоматизация
700 1 _aВарамезов, Стайко П.
_eсъавт.
_9289491
852 _aЦб 74424
_bЦб
856 4 _qpdf
856 4 _qpdf
942 _cKNG
_n0
_s1
944 _aCR
_c13.06.2004
_kЧиталня
944 _aED
_c11.08.2009